MARC details
| 000 -LEADER |
| fixed length control field |
02833nam a22003735i 4500 |
| 001 - CONTROL NUMBER |
| control field |
eep9781784718213 |
| 003 - CONTROL NUMBER IDENTIFIER |
| control field |
UtOrBLW |
| 005 - DATE AND TIME OF LATEST TRANSACTION |
| control field |
20210215104124.0 |
| 006 - FIXED-LENGTH DATA ELEMENTS--ADDITIONAL MATERIAL CHARACTERISTICS |
| fixed length control field |
m o d |
| 007 - PHYSICAL DESCRIPTION FIXED FIELD--GENERAL INFORMATION |
| fixed length control field |
cr un||||||||| |
| 008 - FIXED-LENGTH DATA ELEMENTS--GENERAL INFORMATION |
| fixed length control field |
170726s2018 mau ob 001 0 eng |
| 020 ## - INTERNATIONAL STANDARD BOOK NUMBER |
| International Standard Book Number |
9781784718213 (e-book) |
| 040 ## - CATALOGING SOURCE |
| Original cataloging agency |
DLC |
| Language of cataloging |
eng |
| Description conventions |
rda |
| Transcribing agency |
DLC |
| Modifying agency |
UtOrBLW |
| 042 ## - AUTHENTICATION CODE |
| Authentication code |
pcc |
| 050 #4 - LIBRARY OF CONGRESS CALL NUMBER |
| Classification number |
HB73 |
| Item number |
.S74 2018 |
| 100 1# - MAIN ENTRY--PERSONAL NAME |
| Personal name |
Stephen, Frank H., |
| Dates associated with a name |
1946- |
| Relator term |
author. |
| 245 10 - TITLE STATEMENT |
| Title |
Law and development : |
| Remainder of title |
an institutional critique / |
| Statement of responsibility, etc. |
Frank H. Stephen (Emeritus Professor of Regulation, School of Law, University of Manchester, UK). |
| 264 #1 - PRODUCTION, PUBLICATION, DISTRIBUTION, MANUFACTURE, AND COPYRIGHT NOTICE |
| Name of producer, publisher, distributor, manufacturer |
Edward Elgar Publishing, |
| 300 ## - PHYSICAL DESCRIPTION |
| Extent |
1 online resource (200 pages). |
| 490 1# - SERIES STATEMENT |
| Series statement |
Advances in new institutional analysis |
| 504 ## - BIBLIOGRAPHY, ETC. NOTE |
| Bibliography, etc. note |
Includes bibliographical references and index. |
| 505 0# - FORMATTED CONTENTS NOTE |
| Formatted contents note |
Contents: Preface -- Part I Introduction -- 1. How we got here -- 2. New institutional economics -- Part II Legal systems and development -- 3. Legal origin theory and the transplant effect -- 4. A new institutional economics approach to law and development -- Part III Finance and development -- 5. Financial markets -- 6. Estimating the determinants of growth: an empirical exploration of an NIE framework -- Part IV: Conclusion -- 7. Conclusions -- References -- Index. |
| 520 ## - SUMMARY, ETC. |
| Summary, etc. |
As development policy moves away from considering the state as the primary driver of economic growth it is necessary to consider the institutional foundations of the market economy. It has been argued that without legal systems that allow for innovation and enterprise, all other attempts to improve economic growth are destined to fail. Law and Development offers an unparalleled assessment of the role of legal systems in development by extending the analytical framework of New Institutional Economics (NIE). Using empirical tests to critique Legal Origin Theory, and assess the role of culture in the formation of the legal environment, this book proposes that cultural factors are much more significant than allowed for by previous frameworks. This book will be invaluable for students of law and development, as well as academics researching the role of institutions. It provides a sound framework for considering legal reform and offers nuanced insights for policymakers interested in economic development. |
| 588 ## - SOURCE OF DESCRIPTION NOTE |
| Source of description note |
Description based on print record. |
| 650 #0 - SUBJECT ADDED ENTRY--TOPICAL TERM |
| Topical term or geographic name entry element |
Law and economic development. |
| 655 #0 - INDEX TERM--GENRE/FORM |
| Genre/form data or focus term |
Electronic books. |
| 710 2# - ADDED ENTRY--CORPORATE NAME |
| Corporate name or jurisdiction name as entry element |
Edward Elgar Publishing, |
| Relator term |
publisher. |
| 776 1# - ADDITIONAL PHYSICAL FORM ENTRY |
| International Standard Book Number |
9781784718206 (hardback) |
| 830 #0 - SERIES ADDED ENTRY--UNIFORM TITLE |
| Uniform title |
Advances in new institutional analysis. |
| 856 40 - ELECTRONIC LOCATION AND ACCESS |
| Uniform Resource Identifier |
<a href="https://www.elgaronline.com/view/9781784718206/9781784718206.xml">https://www.elgaronline.com/view/9781784718206/9781784718206.xml</a> |